Solve the Secret Country by Doing Math Problems - Statistics

General Stats
  • This quiz has been taken 1,081 times
  • The average score is 16 of 26
Answer Stats
Hint Answer % Correct
382 + 715 1097
100%
427 + 38 465
98%
839 + 612 1451
96%
989 + 259 1248
93%
275 + 628 903
91%
835 − 647 188
86%
986 − 791 195
83%
920 − 572 348
80%
932 − 462 470
77%
780 − 666 114
75%
61 × 7 427
71%
51 × 3 153
70%
76 × 8 608
64%
31 × 4 124
63%
75 × 5 375
60%
14 × 19 266
49%
15 × 15 225
46%
11 × 17 187
44%
19 × 13 247
40%
17 × 19 323
36%
644 ÷ 4 161
31%
495 ÷ 3 165
28%
1218 ÷ 7 174
21%
1192 ÷ 8 149
19%
708 ÷ 6 118
18%
Secret Country Japan
18%
No matching quizzes found
Score Distribution
Percent of People with Each Score
Percentile by Number Answered
Your Score History
You have not taken this quiz